Normal view
MARC view
- ʻAbd al-Raḥmān Khān
Entry Personal Name
001 - CONTROL NUMBER
- control field: 50641
003 - CONTROL NUMBER IDENTIFIER
- control field: NUST
005 - DATE AND TIME OF LATEST TRANSACTION
- control field: 20210314134716.0
008 - FIXED-LENGTH DATA ELEMENTS
- fixed length control field: 210314|| aca||aabn | a|a d
040 ## - CATALOGING SOURCE
- Original cataloging agency: NUST
- Transcribing agency: NUST
100 ## - HEADING--PERSONAL NAME
- Personal name: ʻAbd al-Raḥmān Khān
670 ## - SOURCE DATA FOUND
- Source citation: Work cat.: (NUST): ʻAbd al-Raḥmān Khān,, The life of Abdur Rahman, amir of Afghanistan ..., 1900.
